Kariérne motivačné faktory z pohľadu veku a pohlavia
Analýza kariérnych motivačných faktorov ako uplatnenie vlastných schopností, pracovného postupu, právomoci, prestíži, samostatného rozhodovania, vzdelávania a osobného rastu a pracovného uznania z pohIadu veku a pohlavia.
Guardado en:
| Autor principal: | |
|---|---|
| Otros Autores: | , |
| Formato: | Capítulo de libro |
| Lenguaje: | eslovaco |
| Materias: | |
| Etiquetas: |
Sin Etiquetas, Sea el primero en etiquetar este registro!
|
MARC
| LEADER | 00000nla a2200000 4500 | ||
|---|---|---|---|
| 001 | 0242320 | ||
| 005 | 20240417075136.8 | ||
| 041 | 0 | |a slo | |
| 044 | |a SK | ||
| 245 | 1 | 0 | |a Kariérne motivačné faktory z pohľadu veku a pohlavia |c Silvia Lorincová, Miloš Hitka, Andrej Piňák |
| 520 | |a Analýza kariérnych motivačných faktorov ako uplatnenie vlastných schopností, pracovného postupu, právomoci, prestíži, samostatného rozhodovania, vzdelávania a osobného rastu a pracovného uznania z pohIadu veku a pohlavia. | ||
| 610 | 2 | 0 | |a motivácia pracovná |
| 610 | 2 | 0 | |a analýza ekonomická |
| 610 | 2 | 0 | |a kariéra |
| 610 | 2 | 0 | |a vzťahy genderové |
| 610 | 2 | 0 | |a vek |
| 100 | 1 | |a Lorincová, Silvia | |
| 700 | 1 | |a Hitka, Miloš | |
| 700 | 1 | |a Piňák, Andrej | |